000 01426 a2200241 4500
001 14676
005 20260407155448.0
008 260407a1987 arg spa d
003 AR-UNSa-BCEJYS
040 _aAR-UNSa-BCEJYS
_bspa
_cAR-UNSa-BCEJYS
080 _a519.86
_xTeoría de modelos económico-matemáticos
245 1 0 _aLinear programming and economic analysis
020 _a978-0-486-65491-1
264 1 _aNew York :
_bDover
_c1987
300 _aix, 525 p.
_c21 cm.
505 _a1. Introduction - 2. Basic concepts of linear programming - 3. The valuation problem; market solutions - 4. The algebra of linear programming - 5. The transportation problem - 6. Linear-programming analysis of the firm - 7. Application to the firm; valuation and duality - 8. Nonlinear programming - 9. The statical leontief system - 10. The statical leontief system (continued) - 11. Dynamic aspects of linear models - 12. Efficient programs of capital accumulation - 13. Linear programming and the theory of general equilibrium - 14. Linear programming and welfare economics - 15. Elements of game theory - 16. Interrelations between linear programming and game theory
942 _cBK
590 _aniveau_biblio:m niveau_hierar:0
100 1 _aDorfman, Robert
700 1 _aSamuelson, Paul A.
700 1 _aSolow, Robert M.
856 4 1 _uhttps://www.biblioeco.unsa.edu.ar/pmb/images/libros/14676.jpg
_yImagen de portada
_qimage/jpeg
999 _c603
_d603